A Whale of a Tale! / (Record no. 175097)
[ view plain ]
| 000 -LEADER | |
|---|---|
| fixed length control field | 01259nam a22003377i 4500 |
| 005 - DATE AND TIME OF LATEST TRANSACTION | |
| control field | 20191203124132.0 |
| 008 - FIXED-LENGTH DATA ELEMENTS--GENERAL INFORMATION | |
| fixed length control field | 191126t20092009-uka|||b |||| 00| 1 eng d |
| 020 ## - INTERNATIONAL STANDARD BOOK NUMBER | |
| International Standard Book Number | 9780007284863 |
| Terms of availability | RM24.90 |
| Qualifying information | paperback |
| 040 ## - CATALOGING SOURCE | |
| Original cataloging agency | PPAK |
| Language of cataloging | eng |
| Transcribing agency | PPAK |
| Description conventions | rda |
| 082 04 - DEWEY DECIMAL CLASSIFICATION NUMBER | |
| Edition number | 23 |
| Classification number | 599.5 |
| 090 00 - LOCALLY ASSIGNED LC-TYPE CALL NUMBER (OCLC); LOCAL CALL NUMBER (RLIN) | |
| Classification number (OCLC) (R) ; Classification number, CALL (RLIN) (NR) | 599.5 |
| Feature heading | WOR |
| Feature heading | K |
| 100 1# - MAIN ENTRY--PERSONAL NAME | |
| Personal name | Worth, Bonnie, |
| Relator term | author. |
| 245 12 - TITLE STATEMENT | |
| Title | A Whale of a Tale! / |
| Statement of responsibility, etc. | by Bonnie Worth ; illustrated by Aristides Ruiz and Joe Mathieu |
| 264 #1 - PRODUCTION, PUBLICATION, DISTRIBUTION, MANUFACTURE, AND COPYRIGHT NOTICE | |
| Place of production, publication, distribution, manufacture | London : |
| Name of producer, publisher, distributor, manufacturer | HarperCollins Children's Books, |
| Date of production, publication, distribution, manufacture, or copyright notice | 2009 |
| Date of production, publication, distribution, manufacture, or copyright notice | ©2009 |
| 300 ## - PHYSICAL DESCRIPTION | |
| Extent | 45 pages : |
| Other physical details | colour illustrations ; |
| Dimensions | 23 cm |
| 336 ## - CONTENT TYPE | |
| Source | rdacontent |
| Content type term | text |
| 337 ## - MEDIA TYPE | |
| Source | rdamedia |
| Media type term | unmediated |
| 338 ## - CARRIER TYPE | |
| Source | rdacarrier |
| Carrier type term | volume |
| 490 1# - SERIES STATEMENT | |
| Series statement | The Cat in the Hat's Learning Library |
| 500 ## - GENERAL NOTE | |
| General note | Includes index |
| General note | All about Porpoises, Dolphins and Whales |
| 650 10 - SUBJECT ADDED ENTRY--TOPICAL TERM | |
| Topical term or geographic name entry element | Whales |
| Form subdivision | Pictorial works |
| -- | Juvenile literature |
| Topical term or geographic name entry element | Dolphins |
| Form subdivision | Pictorial works |
| -- | Juvenile literature |
| Topical term or geographic name entry element | Porpoises |
| Form subdivision | Pictorial works |
| -- | Juvenile literature |
| Topical term or geographic name entry element | Cat in the Hat |
| Form subdivision | Pictorial works |
| -- | Juvenile literature |
| 700 1# - ADDED ENTRY--PERSONAL NAME | |
| Personal name | Ruiz, Aristides, |
| Relator term | illustrator. |
| Personal name | Mathieu, Joe, |
| Dates associated with a name | 1949- |
| Relator term | illustrator. |
| 830 #0 - SERIES ADDED ENTRY--UNIFORM TITLE | |
| Uniform title | The Cat in the Hat's learning library |
| 942 ## - ADDED ENTRY ELEMENTS (KOHA) | |
| Source of classification or shelving scheme | Dewey Decimal Classification |
| Koha item type | Book |
| Withdrawn | Not for loan | Current library | Shelving location | Date acquired | Total Checkouts | Full call number | Barcode | Date last seen | Date last checked out | Koha item type | Total Renewals |
|---|---|---|---|---|---|---|---|---|---|---|---|
| Perpustakaan Alor Setar | Pinjaman Kanak-kanak | 06/01/2020 | 4 | K 599.5 WOR | A01624936 | 03/12/2022 | 26/11/2022 | Book | |||
| Perpustakaan Awam Sungai Petani | Pinjaman Kanak-kanak | 06/01/2020 | 8 | K 599.5 WOR | A01624937 | 04/05/2026 | 25/03/2026 | Book | 3 | ||
| Perpustakaan Jitra | Pinjaman Kanak-kanak | 06/01/2020 | 6 | K 599.5 WOR | A01624938 | 23/12/2025 | 15/11/2025 | Book | 2 |